LIBRARY & INFORMATION CENTRE, KCAET, TAVANUR

ONLINE PUBLIC ACCESS CATALOGUE (OPAC)

Arabikkadaloram | അറബിക്കടലോരം (Record no. 17624)

MARC details
000 -LEADER
fixed length control field 00389nam a22001457a 4500
003 - CONTROL NUMBER IDENTIFIER
control field OSt
008 - FIXED-LENGTH DATA ELEMENTS--GENERAL INFORMATION
fixed length control field 230221b |||||||| |||| 00| 0 eng d
041 ## - LANGUAGE CODE
Language code of text/sound track or separate title mal
082 ## - DEWEY DECIMAL CLASSIFICATION NUMBER
Classification number 894.812 3
Item number KHA/AR
100 ## - MAIN ENTRY--AUTHOR NAME
Personal name Khadar, U.A
-- ഖാദർ യൂ എ
245 ## - TITLE STATEMENT
Title Arabikkadaloram
Remainder of title അറബിക്കടലോരം
260 ## - PUBLICATION, DISTRIBUTION, ETC. (IMPRINT)
Place of publication Thiruvananthapuram
Year of publication 2019
300 ## - PHYSICAL DESCRIPTION
Number of Pages 280
942 ## - ADDED ENTRY ELEMENTS (KOHA)
Koha item type Books
Holdings
Withdrawn status Lost status Damaged status Home library Current library Date acquired Full call number Accession Number Koha item type
      KAUAET KAUAET 21/02/2023 894.812 3 KHA/AR 26082 Books
free website counter